| 000 | 00587nas a2200229Ia 4500 | ||
|---|---|---|---|
| 001 | dd34-48044 | ||
| 003 | IT-MiCISF | ||
| 005 | 20260123163300.0 | ||
| 008 | 161014c99999999xx |||||||||||| ||und|| | ||
| 040 |
_aIT-MiCISF _cIT-MiCISF |
||
| 041 | _ait | ||
| 100 |
_aSantini Elena _962886 |
||
| 245 | 0 | _aI genitori in fase di separazione coniugale e di divorzio | |
| 250 | _a"La casa", n. 2 | ||
| 260 | _c2009 | ||
| 300 | _app. 12-14 | ||
| 500 | _a divorzio, separazione, consultori | ||
| 650 | _aConsulenza familiare | ||
| 654 | _aarticolo | ||
| 942 |
_cCR _2ddc |
||
| 999 |
_c219366 _d219366 |
||
| 999 | _bSi | ||